000 00476nam a2200157Ia 4500
008 180921t2015 xxu||||| |||| 00| 0 eng d
041 _aeng
080 _a301
_bUYA
100 _aUyangoda,Jayadeva
245 _aWriting Research Proposalas in the Social Sciences and Humanities : A Theoretical and Practical Guide
260 _bSocial Scientists Association
_aColombo
_c2015
300 _b152p, 18cm
942 _cBK
999 _c5880
_d5880
003 LK-CoDNM
040 _aLK-CoDNM
_dLK-CoDNM
_eLK-CoDNM